01151nas a2200241 4545000010006000000050017000060080037000230030015000600400040000750800031001152450029001462640034001753100452002090410008006611000029006696500021006986500024007196500020007436500018007636500019007816500013008008560096008132761920260407193507.0260407s2014####ag###########|||spa#dAR-UNSa-BCEJYS aAR-UNSa-BCEJYSbspacAR-UNSa-BCEJYS a349.2xDerecho del Trabajo10aTemas de derecho laboral 1aBuenos Aires :bErreiusc2014 aFrecuencia: Mensual A partir del número correspondiente al mes de Febrero de 2024, cambia de periodicidad en forma bimestral Cambia de Director a partir del mes de Septiembre de 2017, por Carlos A. Toselli y Néstor A. Fasciolo Cambia de Título a partir del mes de Octubre de 2017 por "Temas de Derecho Laboral y de la Seguridad Social" Cambia de Director a partir del mes de Junio de 2019, por Carlos A. Toselli y Patricio J. Torti Cerquetti aspa1 aGarcía Vior, Andrea E. aSeguridad social aDerecho del trabajo aDerecho laboral aLegislación aJURISPRUDENCIA aDOCTRINA41uhttps://biblioeco.unsa.edu.ar/pmb/images/revistas/R10500.jpgyImagen de portadaqimage/jpeg